| 000 | 00419 a2200145 4500 | ||
|---|---|---|---|
| 999 |
_c9830 _d9830 |
||
| 003 | OSt | ||
| 005 | 20220303171537.0 | ||
| 008 | 220303b ||||| |||| 00| 0 eng d | ||
| 020 | _a9781858942797 | ||
| 082 |
_a725.81 _bHAM |
||
| 100 | _a Hammond, Michael, 1952- | ||
| 245 | _aPerforming architecture : opera houses, theatres and concert halls for the twenty-first century | ||
| 260 | _bPublished by Merrell | ||
| 942 | _2ddc | ||